Tonga City Quiz - Statistics

General Stats
  • This quiz has been taken 12 times
  • The average score is 2 of 5
Answer Stats
City % Correct
Nuku'alofa
100%
Neiafu
33%
Tofoa-Koloua
11%
Vaini
11%
Haveluloto
0%
No matching quizzes found
Score Distribution
Percent of People with Each Score
Percentile by Number Answered
Your Score History
You have not taken this quiz